000
00293nam a2200109Ia 4500
008
200619s9999 xx 000 0 und d
082
_a
305.56SHA
100
_a
Shah Ghanshyam
245
0
_a
Untouchability in Rural India
942
_c
IR
999
_c
119838
_d
119838